000 00501naa a22001697a 4500
001 72430
003 146583
005 20201118111029.0
008 ||||||n9999 ||| || ||
245 0 _aEntrevista con el comandante Nicolás Rodríguez :
_bdel Ejército de Liberación Nacional
562 _e0
650 _aEJÉRCITO DE LIBERACIÓN NACIONAL (ELN)--COLOMBIA
650 _aENTREVISTA
650 _aNEGOCIACION DE CONFLICTOS
773 _071813
_aConversaciones de paz :
942 _cCHAP
999 _c72430
_d72430